Retrato del artista como samurai
Salvato in:
| Autore principale: | |
|---|---|
| Altri autori: | |
| Natura: | Sconosciuto |
| Lingua: | inglese |
| Pubblicazione: |
Viña de Mar, Chile.
Mundana,
2020
|
| Soggetti: | |
| Tags: |
Aggiungi Tag
Nessun Tag, puoi essere il primo ad aggiungerne!!
|
MARC
| LEADER | 00000 a2200000 4500 | ||
|---|---|---|---|
| 003 | CL-VaPUC | ||
| 005 | 20240703145722.0 | ||
| 008 | 210510b ||||| |||| 00| 0 eng d | ||
| 999 | |c 432947 |d 432945 | ||
| 020 | |a 9789560907165 | ||
| 040 | |c Pontificia Universidad Católica de Valparaíso | ||
| 082 | |a 709.83 GAL 2020 | ||
| 100 | 1 | 0 | |a Galende, Federico |9 860874 |
| 245 | 1 | 0 | |a Retrato del artista como samurai |
| 260 | |a Viña de Mar, Chile. |b Mundana, |c 2020 | ||
| 300 | |a 98 páginas | ||
| 583 | |k Cristina Rojas |c 20210511 | ||
| 600 | |a Bogni, Carlos |d 1957 |9 861673 | ||
| 650 | 0 | |a Arte chileno |y Siglo 20 |9 459886 | |
| 700 | |a Babarovic, Natalia |e ilustradora |9 861347 | ||
| 942 | |2 ddc |c BK | ||
| 952 | |0 0 |1 0 |2 ddc |4 0 |6 709_830000000000000_GAL_2020 |7 0 |8 A |9 578045 |a BIBART |b BIBART |d 2021-06-07 |e 135 |g 11000.00 |i 5584167 |l 4 |o 709.83 GAL 2020 |p 5584167 |q 2025-07-31 |r 2025-04-02 |s 2025-04-02 |t 1 |v 11000.00 |w 2021-06-07 |y BK |k ART | ||